00617nam a2200157 i 450000100060000000300090000600500170001500700030003200800410003510000250007624501820010126000670028330000400035070000480039085200210043821547ES-MaACL20230906152512.0t|021126s1867 po ||||1| por d1 aAlbufeira, Borao de.13aOs campos de manobras e suas principaes relaçoes con a organisaçao dos excritor palo / cBorao de Albufeira ; estudos precedidos de un juizo critico pelo J.M. Latino Coelho. aLisboa : b[s.n., c1867] (fImp. Rua do Paço do Bemformosa) aXVII, 257 p. : b1 plan. ; c22 cm.1 aCoelho, José María Latino (d1825-1891) aES-MaACLjG-8497